Hauptstädte der Länder, die mit V beginnen - Statistiken

Allgemein
  • Dieses Quiz wurde 307 mal gespielt
  • Das Durchschnittsergebnis liegt bei 6 aus 7
Antwortstatistiken
V Land Hauptstadt % Korrekt
Vereinigtes Königreich London
100%
Vatikanstadt Vatikanstadt
100%
Vereinigte Staaten Washington
99%
Vietnam Hanoi
94%
Venezuela Caracas
92%
Vereinigte Arabische Emirate Abu Dhabi
91%
Vanuatu Port-Vila
39%
Keine übereinstimmenden Quizze gefunden
Verteilung der Resultate
Anzahl Personen mit jedem Resultat
Perzentil nach korrekt beantworteten Fragen
Ihre Resultats-Entwicklung
Sie haben dieses Quiz noch nicht gespielt